<?xml version="1.0" encoding="UTF-8"?>
<record
    xmlns:xsi="http://www.w3.org/2001/XMLSchema-instance"
    xsi:schemaLocation="http://www.loc.gov/MARC21/slim http://www.loc.gov/standards/marcxml/schema/MARC21slim.xsd"
    xmlns="http://www.loc.gov/MARC21/slim">

  <leader>00825cam a2200289 i 4500</leader>
  <controlfield tag="001">545642</controlfield>
  <controlfield tag="003">YEEZEN</controlfield>
  <controlfield tag="005">20250724154333.0</controlfield>
  <controlfield tag="008">241101s2024    ch a   g      000 0 chi d</controlfield>
  <datafield tag="020" ind1=" " ind2=" ">
    <subfield code="a">9789861366968</subfield>
    <subfield code="q">(&#x5E73;&#x88DD;) :</subfield>
    <subfield code="c">NT$400</subfield>
  </datafield>
  <datafield tag="040" ind1=" " ind2=" ">
    <subfield code="a">NAER</subfield>
    <subfield code="b">chi</subfield>
    <subfield code="c">TAE</subfield>
    <subfield code="e">CCR</subfield>
  </datafield>
  <datafield tag="042" ind1=" " ind2=" ">
    <subfield code="a">nbic</subfield>
  </datafield>
  <datafield tag="084" ind1=" " ind2=" ">
    <subfield code="a">176.5</subfield>
  </datafield>
  <datafield tag="090" ind1=" " ind2=" ">
    <subfield code="a">176.5</subfield>
  </datafield>
  <datafield tag="100" ind1="1" ind2=" ">
    <subfield code="a">&#x8521;&#x5EB7;&#x6C38;,</subfield>
    <subfield code="e">&#x8457;</subfield>
  </datafield>
  <datafield tag="245" ind1="1" ind2="0">
    <subfield code="a">&#x4F60;&#x9858;&#x610F;, &#x4EBA;&#x751F;&#x5C31;&#x6703;&#x503C;&#x5F97; :</subfield>
    <subfield code="b">&#x8521;&#x5EB7;&#x6C38;&#x7684;&#x60C5;&#x5546;&#x8AB2; .</subfield>
    <subfield code="n">3 /</subfield>
    <subfield code="c">&#x8521;&#x5EB7;&#x6C38;&#x8457;</subfield>
  </datafield>
  <datafield tag="246" ind1="3" ind2=" ">
    <subfield code="a">&#x4F60;&#x9858;&#x610F;&#x4EBA;&#x751F;&#x5C31;&#x6703;&#x503C;&#x5F97;</subfield>
  </datafield>
  <datafield tag="246" ind1="3" ind2="0">
    <subfield code="a">&#x8521;&#x5EB7;&#x6C38;&#x7684;&#x60C5;&#x5546;&#x8AB2; .</subfield>
    <subfield code="n">3.</subfield>
  </datafield>
  <datafield tag="250" ind1=" " ind2=" ">
    <subfield code="a">&#x521D;&#x7248;</subfield>
  </datafield>
  <datafield tag="260" ind1=" " ind2=" ">
    <subfield code="a">&#x81FA;&#x5317;&#x5E02; :</subfield>
    <subfield code="b">&#x5982;&#x4F55;,</subfield>
    <subfield code="c">2024.08</subfield>
  </datafield>
  <datafield tag="300" ind1=" " ind2=" ">
    <subfield code="a">282&#x9762; :</subfield>
    <subfield code="b">&#x5716; ;</subfield>
    <subfield code="c">21&#x516C;&#x5206;</subfield>
  </datafield>
  <datafield tag="490" ind1="1" ind2=" ">
    <subfield code="a">Happy Learning ;</subfield>
    <subfield code="v">213.</subfield>
  </datafield>
  <datafield tag="650" ind1=" " ind2="7">
    <subfield code="a">&#x60C5;&#x7DD2;&#x5546;&#x6578;</subfield>
    <subfield code="2">lcstt.</subfield>
  </datafield>
  <datafield tag="650" ind1=" " ind2="7">
    <subfield code="a">&#x60C5;&#x7DD2;&#x7BA1;&#x7406;</subfield>
    <subfield code="2">lcstt.</subfield>
  </datafield>
  <datafield tag="830" ind1=" " ind2="0">
    <subfield code="a">Happy Learning ;</subfield>
    <subfield code="v">213.</subfield>
  </datafield>
  <datafield tag="942" ind1=" " ind2=" ">
    <subfield code="2">ccl</subfield>
    <subfield code="c">BOOK</subfield>
  </datafield>
  <datafield tag="999" ind1=" " ind2=" ">
    <subfield code="c">7666</subfield>
    <subfield code="d">7666</subfield>
  </datafield>
  <datafield tag="952" ind1=" " ind2=" ">
    <subfield code="0">0</subfield>
    <subfield code="1">0</subfield>
    <subfield code="2">ccl</subfield>
    <subfield code="4">0</subfield>
    <subfield code="7">0</subfield>
    <subfield code="a">yeezen</subfield>
    <subfield code="b">yeezen</subfield>
    <subfield code="c">YEEZEN</subfield>
    <subfield code="d">2025-07-24</subfield>
    <subfield code="l">9</subfield>
    <subfield code="m">3</subfield>
    <subfield code="o">176.5</subfield>
    <subfield code="p">C03252</subfield>
    <subfield code="r">2026-03-02 00:00:00</subfield>
    <subfield code="s">2026-02-23</subfield>
    <subfield code="w">2025-07-24</subfield>
    <subfield code="y">BOOK</subfield>
    <subfield code="z">&#x9019;&#x672C;&#x300A;&#x4F60;&#x9858;&#x610F;,&#x4EBA;&#x751F;&#x5C31;&#x6703;&#x503C;&#x5F97;&#x300B;,&#x5247;&#x8AC7;&#x60C5;&#x5546;&#x8981;&#x50CF;&#x6C34;&#x6EF4;&#x822C;&#x7684;&#x7D2F;&#x7A4D;,&#x800C;&#x4E0D;&#x662F;&#x4E00;&#x8E8D;&#x904E;&#x9F8D;&#x9580;&#x3002;&#x90A3;&#x4E9B;&#x4E00;&#x6B65;&#x767B;&#x5929;&#x7684;&#x7F8E;&#x9E97;&#x50B3;&#x8AAA;,&#x78BA;&#x5BE6;&#x6703;&#x767C;&#x751F;&#x5728;&#x67D0;&#x4E9B;&#x4EBA;&#x8EAB;&#x4E0A;,&#x4F46;&#x901A;&#x5E38;&#x90A3;&#x6A23;&#x7684;&#x6545;&#x4E8B;,&#x80CC;&#x5F8C;&#x7E3D;&#x662F;&#x85CF;&#x4E86;&#x4E0D;&#x5C11;&#x5176;&#x4ED6;&#x7684;&#x539F;&#x56E0;,&#x53EA;&#x662F;&#x88AB;&#x8B1B;&#x5F97;&#x50CF;&#x4E00;&#x6B65;&#x767B;&#x5929;&#x800C;&#x5DF2;&#x3002;</subfield>
  </datafield>
</record>
